000 00429nam a2200181Ia 4500
003 OSt
005 20231115121451.0
008 210210b1908 xxu||||| |||| 00| 0 eng d
040 _cAL
041 _aeng
082 _a954/432
100 _aSMITH (V A)
_945978
245 _aEarly history of India
260 _aOxford
_bAt the Clarendon Press
_c1908
690 _aIndian History
_945979
906 _a026189
942 _2ddc
_cBK
999 _c152213
_d152213